000285399 001__ 285399
000285399 005__ 20240928180414.0
000285399 0247_ $$aG:(GEPRIS)242898529$$d242898529
000285399 035__ $$aG:(GEPRIS)242898529
000285399 040__ $$aGEPRIS$$chttp://gepris.its.kfa-juelich.de
000285399 150__ $$aUntersuchung material- und granulatformabhängiger Einflüsse auf die Dissipation in der Feststoffförderung von Einschneckenextrudern$$y2014 - 2018
000285399 371__ $$aProfessor Dr.-Ing. Volker Schöppner
000285399 450__ $$aDFG project G:(GEPRIS)242898529$$wd$$y2014 - 2018
000285399 5101_ $$0I:(DE-588b)2007744-0$$aDeutsche Forschungsgemeinschaft$$bDFG
000285399 680__ $$aBei der Modellierung des Prozessverhaltens von Schneckenmaschinen nimmt die Betrachtung der Granulatform und -größe eine eher untergeordnete Rolle ein und wird nur bei der Auslegung von Nutbuchsen betrachtet. Die Granulateigenschaften haben aber großen Einfluss auf das Strömungsverhalten des Materials im Schneckenkanal. Innere und äußere Reibung beeinflussen sowohl das Feststoffförderverhalten als auch den Aufschmelzprozess. Während das Förderverhalten stark von den Verhältnissen der Reibwerte zueinander abhängt, wird das Aufschmelzverhalten von deren absoluter Größe beeinflusst. Scharfkantige Granulate erzeugen eine hohe innere Reibung und daher Dissipationswärme im Feststoffbett. Rundere Granulate mit glatter Oberfläche verursachen dagegen geringere Reibung. Bei zylindrischen Granulaten besteht die Gefahr, dass diese sich so anordnen, dass sie aufeinander abrollen. Hierbei nimmt die Erwärmung durch innere Dissipation deutlich ab. Übliche Modelle zur Beschreibung des Aufschmelzens des Granulats im Schneckenkanal vernachlässigen bisher die innere Dissipation im Granulat. In diesem Forschungsvorhaben soll daher am Beispiel von Polyamid und Polypropylen der Einfluss des Materials und der Granulatform auf die innere Dissipation der Materialien untersucht werden. Dazu wird das Material sowohl im Heiß- als auch im Kaltabschlag granuliert und anschließend das Förder- und Aufschmelzverhalten experimentell untersucht, simuliert und mathematisch modelliert.
000285399 909CO $$ooai:juser.fz-juelich.de:952142$$pauthority$$pauthority:GRANT
000285399 909CO $$ooai:juser.fz-juelich.de:952142
000285399 980__ $$aG
000285399 980__ $$aAUTHORITY